| 000 | 00315nam a2200097Ia 4500 | ||
|---|---|---|---|
| 082 | _aMMID-PGSE-PCHR | ||
| 245 | 0 | _aFact or fiction : looking at forensic investigations and technologies | |
| 100 |
_a BURNSCOTT, Leela South Yarra, 2009 _992105 |
||
| 942 | _cBK | ||
| 008 | 210817s9999 xx 000 0 und d | ||
| 999 |
_c374533 _d374532 |
||